ბათუმის შოთა რუსთაველის სახელმწიფო უნივერსიტეტის ბიბლიოთეკა

რჩეული მოთხრობები (ბიბ.ჩანაწერი № 42661)

000 -LEADER
fixed length control field 00754nam a2200205Ia 4500
001 - CONTROL NUMBER
control field 9365
003 - CONTROL NUMBER IDENTIFIER
control field GE_BSU
008 - FIXED-LENGTH DATA ELEMENTS--GENERAL INFORMATION
fixed length control field 181216s||||||||xx |||||||||||||| ||und||
040 ## - CATALOGING SOURCE
Transcribing agency GE_BSU
080 ## - UNIVERSAL DECIMAL CLASSIFICATION NUMBER
Universal Decimal Classification number 821.353.1-32
100 ## - MAIN ENTRY--PERSONAL NAME
Personal name მგალობლიშვილი,სოფრომ
245 ## - TITLE STATEMENT
Title რჩეული მოთხრობები
245 ## - TITLE STATEMENT
Statement of responsibility, etc. რედ.გ.თავზიშვილი,ბოლოსიტყვ.და შენიშვნ.მხატვ.ე.ახვლედიანი
260 ## - PUBLICATION, DISTRIBUTION, ETC.
Place of publication, distribution, etc. თბილისი.
260 ## - PUBLICATION, DISTRIBUTION, ETC.
Name of publisher, distributor, etc. სახელგამი
260 ## - PUBLICATION, DISTRIBUTION, ETC.
Date of publication, distribution, etc. 1951
300 ## - PHYSICAL DESCRIPTION
Extent 702გვ.პორტრ.ილ.22სმ.
653 ## - INDEX TERM--UNCONTROLLED
Uncontrolled term რჩეული მოთხრობები
942 ## - ADDED ENTRY ELEMENTS (KOHA)
Koha item type წიგნი
ეგზემპლარები
Withdrawn status Lost status Damaged status Not for loan Date acquired Barcode Date last seen Price effective from Koha item type
        2018-12-17 32318 2018-12-17 2018-12-17 წიგნი
        2018-12-17 32319 2018-12-17 2018-12-17 წიგნი
        2018-12-17 32320 2018-12-17 2018-12-17 წიგნი
        2018-12-17 33875 2018-12-17 2018-12-17 წიგნი
        2018-12-17 33876 2018-12-17 2018-12-17 წიგნი
        2018-12-17 33877 2018-12-17 2018-12-17 წიგნი
        2018-12-17 38140 2018-12-17 2018-12-17 წიგნი